[Event "AUTO-OPEN-3949"]
[Site "http://www.queenalice.com/game.php?id=1533424"]
[Date "2018.7.3"]
[Round "1"]
[White "NickThorp"]
[Black "TomTheKing"]
[Result "0-1"]
[WhiteElo "1751"]
[BlackElo "2010"]

1. e4 e5 2. Nf3 Nc6 3. Bb5 Nge7 4. d3 Nd4 5. Nxd4 exd4 6. Bd2 a6 7. Ba4 c6 8.
O-O g6 9. Bg5 Bg7 10. h3 Qa5 11. Bb3 d5 12. exd5 Nxd5 13. Bd2 Qc7 14. c3 O-O 15.
Qf3 Qd6 16. cxd4 Bxd4 17. Bxd5 Bxb2 18. Bc3 Bxa1 19. Bxa1 cxd5 20. Nc3 Bf5 21.
Nxd5 Rfd8 22. Nf6+ Kf8 23. Nxh7+ Kg8 24. Nf6+ Kf8 25. Qxb7 Bxd3 26. Re1 Rac8 27.
Nh7+ Kg8 28. Ng5 Rc7 29. Qf3 Bf5 30. g4 Rc5 31. gxf5 Rdc8 32. Ne4 Qc6 33. fxg6
Qxg6+ 34. Kh2 Rc1 35. Rxc1 Rxc1 36. Bd4 Qg1# 0-1

[Event "AUTO-OPEN-3949"]
[Site "http://www.queenalice.com/game.php?id=1533425"]
[Date "2018.7.3"]
[Round "1"]
[White "TomTheKing"]
[Black "NickThorp"]
[Result "1-0"]
[WhiteElo "2016"]
[BlackElo "1673"]

1. g3 e5 2. e4 Nf6 3. Bg2 Bc5 4. d3 h6 5. Ne2 d6 6. h3 Nc6 7. O-O O-O 8. c3 Be6
9. b4 Bb6 10. a4 a6 11. Bb2 Qd7 12. b5 axb5 13. Nd2 bxa4 14. Rxa4 Rxa4 15. Qxa4
Bxh3 16. Nc4 Bxg2 17. Kxg2 Qg4 18. f3 Qe6 19. d4 exd4 20. Nxd4 Nxd4 21. cxd4 d5
22. e5 Nd7 23. Ne3 Nxe5 24. Rc1 Nd3 25. Rc3 Nxb2 26. Qb4 Nc4 27. Nxc4 dxc4 28.
Qxc4 Qxc4 29. Rxc4 Rd8 30. g4 Rxd4 31. Rc3 Rd2+ 32. Kg3 Bf2+ 33. Kh3 c6 34. f4
Bd4 35. Rb3 b5 36. g5 hxg5 37. fxg5 Kh7 38. Kg4 f6 39. Kf5 Rb2 40. Rh3+ Kg8 41.
Kg6 fxg5 42. Rd3 Bf6 43. Rd6 c5 44. Rc6 c4 45. Rc8+ 1-0

[Event "AUTO-OPEN-3949"]
[Site "http://www.queenalice.com/game.php?id=1533450"]
[Date "2018.7.3"]
[Round "1"]
[White "positionalgenius"]
[Black "TomTheKing"]
[Result "1/2-1/2"]
[WhiteElo "2111"]
[BlackElo "2022"]

1. d4 g6 2. c4 d5 3. Nc3 Nf6 4. Nf3 h6 5. e3 Bg4 6. Be2 Bxf3 7. Bxf3 c6 8. cxd5
Qa5 9. Bd2 Bg7 10. O-O Qb4 11. dxc6 Nxc6 12. Nd5 Qd6 13. Nxf6+ Qxf6 14. Rc1 O-O
15. Qb3 Rab8 16. Rc2 e6 17. Rfc1 Ne7 18. Bb4 Rfe8 19. Bd6 Rbc8 20. Bxb7 Rxc2 21.
Rxc2 Qh4 22. Rc7 Bf6 23. Bg3 Qg4 24. h3 Qf5 25. Bf3 Qb1+ 26. Kh2 Kg7 27. Rxa7
Rc8 28. Qb7 Rc1 29. Be5 Rh1+ 30. Kg3 Rxh3+ 31. gxh3 Qg1+ 32. Bg2 Nf5+ 33. Kf3
Qd1+ 34. Ke4 Qc2+ 35. Kf3 Qd1+ 36. Ke4 Qc2+ 1/2-1/2

[Event "AUTO-OPEN-3949"]
[Site "http://www.queenalice.com/game.php?id=1533451"]
[Date "2018.7.3"]
[Round "1"]
[White "TomTheKing"]
[Black "positionalgenius"]
[Result "1/2-1/2"]
[WhiteElo "2026"]
[BlackElo "2109"]

1. g3 d5 2. d4 Nf6 3. Bg2 e6 4. Nc3 Bb4 5. Bd2 c5 6. a3 Ba5 7. dxc5 O-O 8. b4
Bc7 9. Nb5 a6 10. Nd4 Nc6 11. c3 e5 12. Nxc6 bxc6 13. Bg5 h6 14. Bxf6 Qxf6 15.
Nh3 Bxh3 16. Bxh3 a5 17. O-O Rfe8 18. e3 e4 19. Qa4 axb4 20. Qxb4 Ba5 21. Qb3
Bxc3 22. Ra2 Reb8 23. Qd1 Bb4 24. Qc2 Rxa3 25. Rb1 Rxa2 26. Qxa2 Qc3 27. Qa7 Rf8
28. Qb6 Bxc5 29. Qxc6 d4 30. Qxe4 dxe3 31. Bf1 exf2+ 32. Kg2 f5 1/2-1/2

[Event "AUTO-OPEN-3949"]
[Site "http://www.queenalice.com/game.php?id=1533468"]
[Date "2018.7.3"]
[Round "1"]
[White "TomTheKing"]
[Black "josebaron"]
[Result "1-0"]
[WhiteElo "1975"]
[BlackElo "2121"]

1. g3 e5 2. e4 Nf6 3. Bg2 d6 4. Ne2 Be7 5. d4 exd4 6. Nxd4 c5 7. Nf5 Bxf5 8.
exf5 Nc6 9. O-O O-O 10. Nc3 a6 11. Na4 h6 12. Be3 Nd7 13. Qg4 Bg5 14. Bxg5 Qxg5
15. Qxg5 hxg5 16. Rad1 Nf6 17. Rxd6 Rad8 18. Rxd8 Rxd8 19. Bxc6 bxc6 20. Nxc5 a5
21. Nd3 Rb8 22. a4 Ne4 23. Rd1 Rd8 24. Kg2 Nc5 25. b3 f6 26. Kf3 Kf7 27. Ne5+
Ke8 28. Rxd8+ Kxd8 29. Nxc6+ Kc7 30. Nxa5 Kb6 31. Nc4+ Kc6 32. Kg4 1-0

[Event "AUTO-OPEN-3949"]
[Site "http://www.queenalice.com/game.php?id=1533469"]
[Date "2018.7.3"]
[Round "1"]
[White "josebaron"]
[Black "TomTheKing"]
[Result "1/2-1/2"]
[WhiteElo "2031"]
[BlackElo "1997"]

1. e4 e5 2. Nf3 d6 3. c4 g6 4. Nc3 Bg7 5. Be2 Bg4 6. h3 Bxf3 7. Bxf3 Nc6 8. O-O
Nd4 9. d3 h6 10. Be3 Nxf3+ 11. Qxf3 Qh4 12. Nb5 Qe7 13. Nxa7 c6 14. b4 d5 15.
cxd5 cxd5 16. Bc5 Qd7 17. a4 Bf8 18. Bxf8 Kxf8 19. exd5 Rxa7 20. b5 Qd6 21. Rfc1
Kg7 22. a5 Ne7 23. b6 Ra6 24. Rc7 Rc8 25. Rxb7 e4 26. Qxe4 Rxa5 27. Ra7 Rxd5 28.
Qxe7 Qf4 29. b7 Rc1+ 30. Rxc1 Qxc1+ 31. Kh2 Qf4+ 32. Kh1 Rxd3 33. Qxf7+ Qxf7 34.
b8=Q Rd7 35. Qe5+ Kh7 36. Rxd7 Qxd7 37. f4 h5 38. h4 Qb7 39. Kh2 Qc8 40. Qe7+
Kg8 41. Qg5 Qf5 42. Qd8+ Kg7 43. Qe7+ Qf7 44. Qxf7+ Kxf7 45. g4 Ke6 46. Kg3 Kd5
47. gxh5 gxh5 48. Kf3 Kd4 49. f5 Ke5 50. f6 Kxf6 1/2-1/2

[Event "AUTO-ADV-4038"]
[Site "http://www.queenalice.com/game.php?id=1533657"]
[Date "2018.7.4"]
[Round "1"]
[White "TomTheKing"]
[Black "NickThorp"]
[Result "1-0"]
[WhiteElo "2004"]
[BlackElo "1757"]

1. g3 d5 2. d4 Nc6 3. Bg2 Nf6 4. Nf3 Bg4 5. O-O e6 6. Bg5 Be7 7. Ne5 Nxe5 8.
dxe5 Ne4 9. Bxe7 Qxe7 10. f3 Nxg3 11. hxg3 Bf5 12. Qd4 Bxc2 13. Na3 Bg6 14. Rac1
c6 15. Rc3 O-O 16. Nc2 Bxc2 17. Rxc2 h6 18. Kh2 Qg5 19. a4 b6 20. Rxc6 Rac8 21.
Qc3 Rxc6 22. Qxc6 Qxe5 23. Qb5 Rc8 24. Qd7 Qc7 25. Qb5 a6 26. Qxa6 d4 27. f4 Qc2
28. Re1 Qxb2 29. Qxc8+ Kh7 30. Be4+ f5 31. Qxe6 g6 32. Bd5 h5 33. Qg8+ Kh6 34.
Qh8# 1-0

[Event "AUTO-ADV-4038"]
[Site "http://www.queenalice.com/game.php?id=1533658"]
[Date "2018.7.4"]
[Round "1"]
[White "NickThorp"]
[Black "TomTheKing"]
[Result "0-1"]
[WhiteElo "1739"]
[BlackElo "1998"]

1. e4 e5 2. Nf3 Nc6 3. Bb5 Nge7 4. Nc3 Nd4 5. Nxd4 exd4 6. Nd5 Ng6 7. d3 c6 8.
Bc4 cxd5 9. Bxd5 Bb4+ 10. Bd2 Qa5 11. Bxb4 Qxb4+ 12. Ke2 O-O 13. Bb3 d5 14. exd5
Nh4 15. a3 Re8+ 16. Kf1 b6 17. g3 Ng6 18. Kg2 Ne5 19. axb4 Bd7 20. f4 Bg4 21.
Qd2 Bf3+ 22. Kf2 Bxh1 23. Rxh1 Ng4+ 24. Kf1 Re3 25. Kg2 Rae8 26. Kh3 h5 27. Rf1
Re2 28. Qd1 Rxh2# 0-1

[Event "AUTO-ADV-4038"]
[Site "http://www.queenalice.com/game.php?id=1533659"]
[Date "2018.7.4"]
[Round "1"]
[White "TomTheKing"]
[Black "mascarade"]
[Result "1-0"]
[WhiteElo "1950"]
[BlackElo "1881"]

1. g3 Nc6 2. e4 e5 3. Bg2 b6 4. Nf3 Bb7 5. c3 Nf6 6. Qb3 h6 7. d3 Bc5 8. h3 Qe7
9. O-O g5 10. Be3 g4 11. Bxc5 Qxc5 12. d4 exd4 13. Nxd4 Nxd4 14. cxd4 Qxd4 15.
Rd1 Qe5 16. Nc3 gxh3 17. Bxh3 O-O-O 18. Re1 Qh5 19. Bf5 Nxe4 20. Bxe4 Bxe4 21.
Nxe4 f5 22. Qd5 Kb8 23. Nf6 1-0

[Event "AUTO-ADV-4038"]
[Site "http://www.queenalice.com/game.php?id=1533660"]
[Date "2018.7.4"]
[Round "1"]
[White "mascarade"]
[Black "TomTheKing"]
[Result "0-1"]
[WhiteElo "1868"]
[BlackElo "1963"]

1. Nf3 Nc6 2. d4 d5 3. g3 Bg4 4. Bg2 g6 5. Be3 Bg7 6. Nc3 e6 7. O-O h6 8. h3
Bxf3 9. Bxf3 Nge7 10. Na4 Qd6 11. Nc5 O-O 12. Nxb7 Qb4 13. Nc5 Qxb2 14. Nd3 Qc3
15. Bd2 Qxd4 16. c3 Qc4 17. Qc1 e5 18. Bxh6 e4 19. Bxg7 Kxg7 20. Nb2 Qc5 21. Bg2
a5 22. a4 f5 23. Qg5 Qxc3 24. Rab1 Qc2 25. Rfc1 Qxe2 26. Bf1 Qf3 27. Bb5 Rf6 28.
Rc2 Nd4 29. Rxc7 Qa3 30. Nd1 Nf3+ 0-1

[Event "AUTO-ADV-4038"]
[Site "http://www.queenalice.com/game.php?id=1533661"]
[Date "2018.7.4"]
[Round "1"]
[White "TomTheKing"]
[Black "ismaelfln"]
[Result "1-0"]
[WhiteElo "1935"]
[BlackElo "1729"]

1. g3 e5 2. e4 Nf6 3. Bg2 Bc5 4. Nh3 d6 5. d3 O-O 6. Nc3 Bb4 7. Bd2 Bxc3 8. Bxc3
Bxh3 9. Bxh3 c5 10. Bg2 b5 11. a3 Nc6 12. b4 cxb4 13. axb4 a6 14. O-O g6 15. f4
Nh5 16. f5 Qb6+ 17. Kh1 Ng7 18. Qg4 Ne7 19. f6 h5 20. Qh4 Nc6 21. fxg7 Kxg7 22.
Qf6+ Kh7 23. Qxd6 Rad8 24. Qf6 Qc7 25. Bd2 Qd6 26. Qg5 Rh8 27. Rxf7+ Kg8 28. Rf6
Qe7 29. Rxg6+ Kf8 30. Bh3 Qxg5 31. Bxg5 Rd4 32. Rf1+ Ke8 33. Re6+ Kd7 34. Rf7+
Kc8 35. Re8# 1-0

[Event "AUTO-ADV-4038"]
[Site "http://www.queenalice.com/game.php?id=1533662"]
[Date "2018.7.4"]
[Round "1"]
[White "ismaelfln"]
[Black "TomTheKing"]
[Result "0-1"]
[WhiteElo "1710"]
[BlackElo "1943"]

1. e4 e5 2. Nf3 d6 3. Bb5+ Bd7 4. a4 a6 5. Bxd7+ Qxd7 6. b3 Qg4 7. O-O Qxe4 8.
d3 Qf5 9. Nh4 Qf6 10. g3 Nc6 11. Nc3 e4 12. Nxe4 Qxa1 13. Be3 Qxd1 14. Rxd1 Nb4
15. Rd2 h6 16. Nf5 Nd5 17. Bd4 Ndf6 18. Bxf6 Nxf6 19. Re2 Nxe4 20. Rxe4+ Kd7 21.
c4 g6 22. Nh4 Bg7 23. d4 Rhe8 24. Rf4 Re1+ 25. Kg2 Ke6 26. d5+ Ke7 27. Nf3 g5
28. Nxe1 gxf4 29. gxf4 Rg8 30. Kf3 Bc3 31. Nd3 f5 32. Nc1 h5 33. Ne2 Bd2 34. Nd4
Kf6 35. h4 Rg4 36. Ke2 Bxf4 37. Nf3 Bc1 38. b4 Ba3 39. b5 Bc5 40. bxa6 bxa6 41.
Nd2 Ke5 42. Nf3+ Kf4 43. Ng5 Rg2 44. Ne6+ Ke4 45. Nxc7 Rxf2+ 46. Kd1 Kd3 47.
Nxa6 Rf1# 0-1

[Event "AUTO-ADV-4038"]
[Site "http://www.queenalice.com/game.php?id=1544655"]
[Date "2018.10.3"]
[Round "2"]
[White "filou"]
[Black "TomTheKing"]
[Result "0-1"]
[WhiteElo "2049"]
[BlackElo "2029"]

1. d4 d5 2. Nf3 Nc6 3. e3 Bg4 4. Be2 e6 5. O-O Nh6 6. Nbd2 Bd6 7. c4 O-O 8. c5
Bxf3 9. Nxf3 Be7 10. a3 Bh4 11. Qc2 Ng4 12. e4 h6 13. e5 Bxf2+ 14. Rxf2 Nxf2 15.
Kxf2 f5 16. exf6 Qxf6 17. Kg1 Nxd4 18. Qd3 Nxf3+ 19. Qxf3 Qd4+ 20. Be3 Qxb2 21.
Bf4 Qxa1+ 22. Bf1 c6 0-1

[Event "AUTO-ADV-4038"]
[Site "http://www.queenalice.com/game.php?id=1544656"]
[Date "2018.10.3"]
[Round "2"]
[White "TomTheKing"]
[Black "filou"]
[Result "1/2-1/2"]
[WhiteElo "2044"]
[BlackElo "2084"]

1. g3 e5 2. e4 Nf6 3. d3 Be7 4. Bg2 d5 5. c3 O-O 6. Ne2 dxe4 7. dxe4 Qxd1+ 8.
Kxd1 Ng4 9. Ke1 Bc5 10. Be3 Bxe3 11. fxe3 Nxe3 12. Na3 a6 13. Bf3 f5 14. c4 fxe4
15. Bxe4 c6 16. h3 Nf5 17. Rd1 Be6 18. Bxf5 Bxf5 19. Rf1 Bxh3 20. Rxf8+ Kxf8 21.
c5 Nd7 22. b4 Nf6 23. Ng1 Bg4 24. Rd3 e4 25. Re3 Re8 26. Nc4 Nd5 27. Rb3 Re7 28.
Ne3 Bc8 29. Ne2 g5 30. a4 h5 31. Nd4 Rf7 32. b5 Bd7 33. bxa6 bxa6 34. Rb8+ Kg7
35. Nxd5 cxd5 36. a5 h4 37. gxh4 gxh4 38. Rb6 h3 39. Ne2 h2 40. Ng3 Bg4 41. Rb2
d4 42. Rxh2 e3 43. Rh4 Bf3 44. Rxd4 Kg6 45. c6 Bxc6 46. Rd6+ Rf6 1/2-1/2

[Event "Challenge"]
[Site "http://www.queenalice.com/game.php?id=1548073"]
[Date "2018.11.4"]
[Round "-"]
[White "TomTheKing"]
[Black "ichtus"]
[Result "0-1"]
[WhiteElo "2046"]
[BlackElo "2691"]

1. d4 d5 2. g3 Nf6 3. Bg2 e6 4. Bg5 Be7 5. e3 c5 6. Ne2 O-O 7. O-O Nc6 8. c3 Qb6
9. Qc2 Bd7 10. a3 Rac8 11. b4 cxd4 12. Bxf6 Bxf6 13. e4 dxe4 14. Bxe4 dxc3 15.
Bxh7+ Kh8 16. Nf4 Nd4 17. Qd3 Bb5 18. Qd1 Kxh7 19. Qh5+ Kg8 20. Rd1 c2 21. Nd2
cxd1=Q+ 22. Rxd1 Ba4 23. Re1 Rc2 24. Ne4 Be7 25. Ng5 Bxg5 0-1

[Event "AUTO-OPEN-3949"]
[Site "http://www.queenalice.com/game.php?id=1565397"]
[Date "2019.3.24"]
[Round "2"]
[White "Rafale2000"]
[Black "TomTheKing"]
[Result "1-0"]
[WhiteElo "1967"]
[BlackElo "2046"]

1. d4 d5 2. Nf3 Nc6 3. Bf4 e6 4. e3 h6 5. h3 Bd6 6. Ne5 Bxe5 7. Bxe5 Nf6 8. Bh2
Ne4 9. Bd3 Qg5 10. O-O e5 11. dxe5 Bxh3 12. Bxe4 dxe4 13. Bg3 1-0

[Event "AUTO-OPEN-3949"]
[Site "http://www.queenalice.com/game.php?id=1565398"]
[Date "2019.3.24"]
[Round "2"]
[White "TomTheKing"]
[Black "Rafale2000"]
[Result "0-1"]
[WhiteElo "2027"]
[BlackElo "1986"]

1. g3 c5 2. Bg2 d6 3. Nh3 Nc6 4. c3 g6 5. Qa4 Bd7 6. Qb3 Qc7 7. Ng5 e6 8. Qc4
Ne5 9. Qf4 f6 10. Ne4 h6 11. Nxf6+ Nxf6 12. Qxf6 Rg8 13. d4 cxd4 0-1

[Event "AUTO-OPEN-3949"]
[Site "http://www.queenalice.com/game.php?id=1565409"]
[Date "2019.3.24"]
[Round "2"]
[White "TomTheKing"]
[Black "rsgaspar"]
[Result "0-1"]
[WhiteElo "2007"]
[BlackElo "2469"]

1. g3 d5 2. Bg2 e5 3. d3 Nc6 4. e4 dxe4 5. Bxe4 Nf6 6. Bg5 h6 7. Bxf6 Qxf6 8.
Qe2 Nd4 9. Qd2 Bf5 10. Bxb7 Rb8 11. Bd5 Rxb2 12. Bb3 Qc6 13. Nc3 Qxh1 14. Ne2
Nf3+ 15. Kd1 Nxd2 16. Kxd2 Bb4+ 0-1

[Event "AUTO-OPEN-3949"]
[Site "http://www.queenalice.com/game.php?id=1565410"]
[Date "2019.3.24"]
[Round "2"]
[White "rsgaspar"]
[Black "TomTheKing"]
[Result "1-0"]
[WhiteElo "2468"]
[BlackElo "2009"]

1. e4 e5 2. Nf3 d6 3. d4 Bg4 4. c3 Nf6 5. dxe5 Nxe4 6. Qa4+ Nc6 7. Qxe4 Be6 8.
exd6 Qxd6 9. Bf4 Qd7 10. Bc4 Rd8 11. Nbd2 Be7 12. Bxe6 fxe6 13. O-O-O Bf6 14.
Nb3 Qe7 15. Be3 O-O 16. Nc5 Rxd1+ 17. Rxd1 1-0

[Event "AUTO-OPEN-3949"]
[Site "http://www.queenalice.com/game.php?id=1565411"]
[Date "2019.3.24"]
[Round "2"]
[White "TomTheKing"]
[Black "Parma"]
[Result "0-1"]
[WhiteElo "2005"]
[BlackElo "1853"]

1. g3 d5 2. Bg2 e6 3. d4 Nf6 4. Bg5 Be7 5. e3 O-O 6. Nh3 h6 7. Bxf6 Bxf6 8. c3
Nd7 9. O-O c5 10. Nd2 e5 11. Bxd5 cxd4 12. exd4 exd4 13. c4 Nb6 14. Qh5 Bxh3 15.
Qxh3 Nxd5 16. cxd5 Qxd5 17. b3 b5 18. Qg4 Rfe8 19. Rfe1 Qg5 20. Qd1 Qf5 21.
Rxe8+ Rxe8 22. a4 a6 23. b4 d3 24. Ra3 Qd5 25. Nf3 Rd8 26. axb5 axb5 27. Nd2 Qd4
28. Qb3 Be7 29. Ra7 Rd7 30. Ra8+ Rd8 31. Qa3 Rxa8 32. Qxa8+ Kh7 33. Qe4+ Qxe4
34. Nxe4 Bxb4 35. Kf1 f5 36. f3 fxe4 37. fxe4 Kg6 38. Kf2 Kf6 39. Ke3 d2 40. Ke2
Ke5 41. h4 Kxe4 0-1

[Event "AUTO-OPEN-3949"]
[Site "http://www.queenalice.com/game.php?id=1565412"]
[Date "2019.3.24"]
[Round "2"]
[White "Parma"]
[Black "TomTheKing"]
[Result "1-0"]
[WhiteElo "1832"]
[BlackElo "1983"]

1. d4 d5 2. c4 c6 3. e3 Nf6 4. Nf3 Bg4 5. h3 Bxf3 6. Qxf3 e6 7. Bd3 Bb4+ 8. Bd2
Qa5 9. a3 Bxd2+ 10. Nxd2 Nbd7 11. b4 Qa4 12. O-O O-O 13. c5 a5 14. Qd1 Qxd1 15.
Rfxd1 b5 16. cxb6 Nxb6 17. Nb3 axb4 18. axb4 Na4 19. Nc5 Nb2 20. Rxa8 Rxa8 21.
Rc1 Ra3 22. Be2 g6 23. Rb1 Ra2 24. Nb7 Ne4 25. Rc1 Na4 26. Bf3 Nxf2 27. Rxc6 Nd3
28. b5 Nab2 29. Ra6 Ra4 30. Nc5 Rb4 31. Nxd3 Nxd3 32. b6 Rb1+ 33. Kh2 Nb4 34.
Ra8+ Kg7 35. b7 Nc6 36. Rc8 Rxb7 37. Rxc6 h5 38. Rc3 h4 39. Bd1 f5 40. Bb3 Rb4
41. g3 f4 42. gxf4 Kf6 43. Kg2 Kf5 44. Bd1 Rc4 45. Rxc4 dxc4 46. Kf3 g5 47. Bc2+
Kf6 48. Kg4 gxf4 49. Kxf4 Ke7 50. e4 Kd6 51. Kg4 c3 52. Kxh4 Kc6 53. Kg5 Kb5 54.
h4 Kb4 55. h5 Ka3 56. h6 Kb2 57. Bd3 c2 58. Bxc2 Kxc2 59. h7 Kd3 60. d5 exd5 61.
exd5 Ke4 62. d6 Kd5 63. d7 Ke6 64. d8=Q Kf7 65. Qd7+ 1-0